000 00255nam a2200109Ia 4500
008 230907s9999||||xx |||||||||||||| ||und||
082 _a532
_bPOT
245 0 _aMechanics of fluids /
260 _aCengage,
_bDelhi :
_c2017
300 _a793 p.
942 _cBK
999 _c600328
_d600328